000 00380nam a2200157Ia 4500
008 230917s9999||||xx |||||||||||||| ||und||
020 _cPON4.95
040 _e19388
_aMAIN
041 _aEnglish
082 _a330.91 F852C
100 _aFrank, Andre Gunder
245 0 _aCrisis: In the world economy
260 _aLondon
_bHeinemann
_c1980
300 _axvi,366 p.
942 _cBK
999 _c35324
_d35324